Statistics for The Silmarillion - Death causes

Click here to take the quiz!

General Stats

  • This quiz has been taken 324 times
  • The average score is 24 of 33

Answer Stats

YearHintAnswer% Correct
456Slain by Morgoth in single combatFingolfin
94%
YTSlain by Morgoth at FormenosFinwë
91%
503Chose to be a mortal, died of old age at Tol GalenLúthien
88%
502Killed by Dwarves who wanted the NauglamírThingol
86%
510Died when his tower fell during the Fall of GondolinTurgon
86%
499Cast himself upon the point of his swordTúrin
85%
SAChose to be mortal, died of old age at 500Elros
84%
YTMortally wounded by Gothmog at Dor DaedelothFëanor
84%
SAKilled by Sauron in the War of the Last AllianceGil-Galad
83%
465Mortally wounded by a werewolf in a tower he had builtFinrod Felagund
82%
587Cast himself into a gaping chasm filled with fireMaedhros
82%
503Killed by a wolf, returned to Middle Earth, then died of old age at Tol GalenBeren
81%
479Slain by his friend who thought he was an orcBeleg
80%
510Stabbed with a spiked helm by Ecthelion, then drowned with himGothmog
79%
510Cast down from the walls by TuorMaeglin
78%
499Killed by Túrin at Cabed-en-ArasGlaurung
75%
587Slain by Eärendil, and cast from the skyAncalagon
74%
506Slain in Menegroth while attacking DoriathCaranthir, Curufin, Celegorm
74%
506Slain by Fëanor's sons at MenegrothDior
73%
472Slain by Gothmog at the Nirnaeth ArnoeidadFingon
73%
499Jumped from Cabed-en-Aras to her deathNienor
73%
501Died while holding her husband's hand at their children's tombstoneMorwen
71%
400Shielded her son from a poisoned dartAredhel
70%
SACaptured by Sauron at Eregion, tortured and shot with arrowsCelebrimbor
65%
355Died of old age at 93, to the grief of his elvish friendsBëor
62%
502Cast himself into the western seaHúrin
62%
472Fell pierced with a venomed arrow in his eye in the Nirnaeth ArnoeidadHuor
60%
538Slain while attacking the Havens of SirionAmrod, Amras
59%
455Died in the Dagor BragollachAngrod, Aegnor
53%
460Betrayed by Gorlim, killed by orcs in DorthonionBarahir
51%
495Captured, then killed by orcs during a failed ambushFinduilas
42%
495Fell at TumhaladOrodreth
37%
455Fell before the walls of Eithel Sirion during the Dagor BragollachHador
35%

Score Distribution

Percentile by Number Answered

Percent of People with Each Score

Your Score History

You have not taken this quiz